01458nab a22002537a 4500003000400000005001700004008004100021040000700062100002700069245009500096260007200191300001300263500003900276505050700315505008900822650002000911650002400931650001600955650002300971650002800994650002501022653002001047773013701067OSt20260118202836.0190605e xxu||||| |||| 00| 0 spa d cPJ aMoscuzza, Stella Maris13aEl derecho a la desconexión digital y la salud del trabajador /cStella Maris Moscuzza.  aCiudad Autónoma de Buenos Aires :bThomson Reuters La Ley,c2025. ap. 56-72 aCita: TR LALEY AR/DOC/1471/2025.  aSumario: I. Introducción.— II. El tiempo de trabajo y los descansos. Antecedentes normativos.— III. El derecho al descanso laboral y la desconexión digital.— IV. Hiperconectividad y salud del trabajador.— V. Hiperconectividad, violencia del poder empresarial y buenas prácticas empresariales.— VI. El derecho a la desconexión digital como garante del bienestar laboral.— VII. El derecho a la desconexión y la negociación colectiva.— VIII. Conclusiones.— IX. Bibliografía.  t¿Te interesa el texto completo? Solicitalo al correo: koha@justierradelfuego.gov.ar 0aDERECHO LABORAL 0aDERECHO INFORMATICO 0aTELETRABAJO 0aJORNADA DE TRABAJO 0aDERECHOS DEL TRABAJADOR 0aSALUD DEL TRABAJADOR aDESCANSO DIARIO0 02711dCiudad Autónoma de Buenos Aires : Thomson Reuters La Ley, 1999-2002.tRevista de derecho del trabajo. Nº 6 - Noviembre 2025